000 00422nam a2200145Ia 4500
008 100122s9999 xx 000 0 und d
082 _b10239
_a823
100 _aअग्निहोत्री अ शं
245 _aतीन पिढया
260 _bसंजय प्रकाशन
_c1960
300 _a126
630 _aतीन पिढया
730 _aतीन पिढया
942 _cBOOK
999 _c401952
_d401949